000 00834nam a2200229Ii 4500
003 JO-AjNU
008 230605s9999||||xx |||||||||||||| ||und||
017 _a1987/3957
020 _a977-103-347-6
040 _aJO-AjNU
_bara
_erda
_cJO-AjNU
041 _aara
050 1 4 _aDS49.S4 1987
100 3 _aالشافى، صلاح الدين علي,
_eauthor
_937518
245 0 0 _aالجغرافية المعاصرة: ماذا عن تطور الهدف واحتواء الأزمة
264 3 1 _aالاسكندرية: منشاة المعارف، 1987
300 _a175ص
336 _atext
_btxt
_2rdacontent
337 _aunmediated
_bn
_2rdamedia
338 _avolume
_bnc
_2rdacarrier
490 0 _aلبكتب الجغرافية
650 4 _aالجغرافية- القرن العشرون، الجغرافيا - تاريخ
_937519
999 _aA15683
_c19251
_d19251